000 00686nam a2200181Ia 4500
008 100920s9999 xx 000 0 und d
082 _b21135
_a28 व 51 थ 69
100 _aसावरकर पद्रमाकर कृष्ण.
245 _aशांतिदूत केनेडी.
260 _bअरगडे कुलकर्णी प्रकाशन, पुणे.
_c1969
300 _a28
_bसाधी
365 _b0.5
520 _aबा. वि चरित्र.
630 _aशांतिदूत केनेडी.
650 _aबा. वि चरित्र.
730 _aशांतिदूत केनेडी.
942 _cBOOK
999 _c681298
_d681295